Diagnostikovanie finančného zdravia podnikov pomocou metódy DEA: Aplikácia na podniky v Slovenskej republike
Aktuálny stav využívania DEA v tvorbe diagnostických modelov a prezentácia konkrétneho návrhu diagnostikovania finančného zdravia podnikov pomocou DEA, predpovedanie finančnej tiesne slovenských výrobných podnikov pomocou navrhovaného postupu a na základe výsledkov posúdenie potenciálu DEA ako nástr...
Uložené v:
| Hlavný autor: | |
|---|---|
| Ďalší autori: | |
| Médium: | Kapitola |
| Jazyk: | Slovak |
| Predmet: | |
| Tagy: |
Žiadne tagy, Buďte prvý, kto otaguje tento záznam!
|
MARC
| LEADER | 00000naa a2200000 4500 | ||
|---|---|---|---|
| 001 | 0228405 | ||
| 005 | 20220805080003.7 | ||
| 041 | 0 | |a slo | |
| 044 | |a CZ | ||
| 245 | 1 | 0 | |a Diagnostikovanie finančného zdravia podnikov pomocou metódy DEA: Aplikácia na podniky v Slovenskej republike |c Viera Mendelová, Tatiana Bieliková |
| 520 | |a Aktuálny stav využívania DEA v tvorbe diagnostických modelov a prezentácia konkrétneho návrhu diagnostikovania finančného zdravia podnikov pomocou DEA, predpovedanie finančnej tiesne slovenských výrobných podnikov pomocou navrhovaného postupu a na základe výsledkov posúdenie potenciálu DEA ako nástroja pre predpovedanie finančnej tiesne podniku. | ||
| 610 | 2 | 0 | |a zdravie podniku finančné |
| 610 | 2 | 0 | |a diagnostika podniková |
| 610 | 2 | 0 | |a analýza dát |
| 610 | 2 | 0 | |a situácia finančná podniku |
| 610 | 2 | 0 | |a prognózy podnikové |
| 100 | 1 | |a Mendelová, Viera | |
| 700 | 1 | |a Bieliková, Tatiana | |